Southville International School and Colleges
Your cart is empty.
  • Cart
  • Lists
    Public lists Eva Luna New books Lux_list list_1
    Your lists Log in to create your own lists
  • Log in to your account
  • Your cookies
  • Search history
Southville International School and Colleges
  • Advanced search
  • Recent comments
  • Most popular
  • Libraries

Log in to your account

Log in with GOOGLE


If you do not have an external account, but do have a local account, you can still log in:

  1. Home
  2. MARC view: Human body:
Normal view MARC view ISBD view

Human body: (Record no. 115363)

[ view plain ]
MARC details
000 -LEADER
fixed length control field 00435nam a2200157 a 4500
005 - DATE AND TIME OF LATEST TRANSACTION
control field 20140414132142.0
008 - FIXED-LENGTH DATA ELEMENTS--GENERAL INFORMATION
fixed length control field 140201s19uu xx 00 eng d
050 ## - LIBRARY OF CONGRESS CALL NUMBER
Classification number REF 612
Item number Ar1 2002
100 ## - MAIN ENTRY--PERSONAL NAME
Personal name Arora, Greeta Rani
245 ## - TITLE STATEMENT
Title Human body:
Remainder of title illustrated encyclopedia.
260 ## - PUBLICATION, DISTRIBUTION, ETC. (IMPRINT)
Place of publication, distribution, etc USA :
Name of publisher, distributor, etc Pegasus,
Date of publication, distribution, etc c2002.
300 ## - PHYSICAL DESCRIPTION
Extent 32
650 ## - SUBJECT ADDED ENTRY--TOPICAL TERM
Topical term or geographic name as entry element Human anatomy-encyclopedia
650 ## - SUBJECT ADDED ENTRY--TOPICAL TERM
Topical term or geographic name as entry element Human physiology-
General subdivision encyclopedia
Holdings
Withdrawn status Lost status Damaged status Home library Current library Shelving location Date acquired Source of acquisition Total Checkouts Full call number Barcode Date last seen Price effective from Koha item type
      Munich Library Munich Library Reference Section 02/01/2014     REF 612 Ar1 2002 M7422 04/14/2014 04/14/2014 Books

Human body:

APA

Arora G. R., . (2002). Human body. USA: Pegasus.

Chicago

Arora Greeta Rani, . 2002. Human body. USA: Pegasus.

Harvard

Arora G. R., . (2002). Human body. USA: Pegasus.

MLA

Arora Greeta Rani, . Human body. USA: Pegasus. 2002.

  • Place hold
  • Print
  • Cite
  • Add to your cart (remove)
  • Save record
    BIBTEX Dublin Core MARCXML MARC (non-Unicode/MARC-8) MARC (Unicode/UTF-8) MARC (Unicode/UTF-8, Standard) MODS (XML) RIS
  • More searches
    Search for this title in:
    Other Libraries (WorldCat) Other Databases (Google Scholar) Online Stores (Bookfinder.com) Open Library (openlibrary.org)

Exporting to Dublin Core...

SOUTHVILLE LIBRARY

Southville International School and Colleges Library

1281 Tropical Ave. Cor. Luxembourg St., BF Homes International, Las Pinas City

Tel. No. 8256374 / 252358 Loc. 117/146

Powered by Koha